Día de mercado = (Record no. 19420)

MARC details
000 -LEADER
fixed length control field 01905nam a2200505I 4500
001 - CONTROL NUMBER
control field sjds1108050
003 - CONTROL NUMBER IDENTIFIER
control field sjds
005 - DATE AND TIME OF LATEST TRANSACTION
control field 20180403110312.0
008 - FIXED-LENGTH DATA ELEMENTS--GENERAL INFORMATION
fixed length control field 091113s2010 maua j 000 0 eng d
020 ## - INTERNATIONAL STANDARD BOOK NUMBER
International Standard Book Number 9780547368993
020 ## - INTERNATIONAL STANDARD BOOK NUMBER
International Standard Book Number 0547368992
020 ## - INTERNATIONAL STANDARD BOOK NUMBER
International Standard Book Number 9780547369006 (pbk.)
035 ## - SYSTEM CONTROL NUMBER
System control number 427247
035 ## - SYSTEM CONTROL NUMBER
System control number (OCoLC)645780390
035 ## - SYSTEM CONTROL NUMBER
System control number 708366
035 ## - SYSTEM CONTROL NUMBER
System control number 427247
040 ## - CATALOGING SOURCE
Original cataloging agency KCK
Transcribing agency KCK
Modifying agency IFA
-- UtOrBLW
041 ## - LANGUAGE CODE
Language code of text/sound track or separate title spa
Language code of original eng
049 ## - LOCAL HOLDINGS (OCLC)
Holding library IFAA
099 ## - LOCAL FREE-TEXT CALL NUMBER (OCLC)
Filing suffix 2010
999 ## - SYSTEM CONTROL NUMBERS (KOHA)
Koha Dewey Subclass [OBSOLETE] ESPANOL EASY READERS PARKS 2010
100 1# - MAIN ENTRY--PERSONAL NAME
Personal name Parks, Carmen,
Relator term author.
245 10 - TITLE STATEMENT
Title Día de mercado =
Remainder of title Farmers market /
Statement of responsibility, etc. [by] Carmen Parks ; illustrated by Edward Martinez ; translated by F. Isabel Campoy and Alma Flor Ada = [por] Carmen Park ; illustrado por Edward Martinez ; traducido por F. Isabel Campoy y Alma Flor Ada.
246 31 - VARYING FORM OF TITLE
Title proper/short title Farmers market
246 31 - VARYING FORM OF TITLE
Title proper/short title [por] Carmen Park
260 ## - PUBLICATION, DISTRIBUTION, ETC. (IMPRINT)
Place of publication, distribution, etc. Boston :
Name of publisher, distributor, etc. Sandpiper Houghton Mifflin Harcourt,
Date of publication, distribution, etc. 2010.
264 #1 - PRODUCTION, PUBLICATION, DISTRIBUTION, MANUFACTURE, AND COPYRIGHT NOTICE
Place of production, publication, distribution, manufacture Boston :
Name of producer, publisher, distributor, manufacturer Sandpiper Houghton Mifflin Harcourt,
Date of production, publication, distribution, manufacture, or copyright notice 2010.
300 ## - PHYSICAL DESCRIPTION
Extent 1 volume (unpaged) :
Other physical details color illustrations ;
Dimensions 23 cm.
336 ## - CONTENT TYPE
Content type term text
Content type code txt
Source rdacontent
337 ## - MEDIA TYPE
Media type term unmediated
Media type code n
Source rdamedia
338 ## - CARRIER TYPE
Carrier type term volume
Carrier type code nc
Source rdacarrier
490 1# - SERIES STATEMENT
Series statement Green light readers. Level 2
520 ## - SUMMARY, ETC.
Summary, etc. A girl and her parents spend the day at the farmers market selling the vegetables they have grown.
521 8# - TARGET AUDIENCE NOTE
Target audience note 380
Source Lexile
526 0# - STUDY PROGRAM INFORMATION NOTE
Program name Accelerated Reader
Interest level LG
Reading level 1.5
Title point value 0.5
Public note 58129
650 #0 - SUBJECT ADDED ENTRY--TOPICAL TERM
Topical term or geographic name as entry element Farmers' markets
Form subdivision Juvenile fiction.
650 #0 - SUBJECT ADDED ENTRY--TOPICAL TERM
Topical term or geographic name as entry element Spanish language materials
General subdivision Bilingual
Form subdivision Juvenile literature.
650 #7 - SUBJECT ADDED ENTRY--TOPICAL TERM
Topical term or geographic name as entry element Mercados del granjero
Form subdivision Novela juvenil.
Source of heading or term local
650 #7 - SUBJECT ADDED ENTRY--TOPICAL TERM
Topical term or geographic name as entry element Materiales bilingües en español
Form subdivision Literatura juvenil.
Source of heading or term bidex
700 1# - ADDED ENTRY--PERSONAL NAME
Personal name Martinez, Ed,
Relator term illustrator.
700 1# - ADDED ENTRY--PERSONAL NAME
Personal name Campoy, F. Isabel.
700 1# - ADDED ENTRY--PERSONAL NAME
Personal name Ada, Alma Flor.
830 #0 - SERIES ADDED ENTRY--UNIFORM TITLE
Uniform title Green Light reader.
Number of part/section of a work Level 2.
942 ## - ADDED ENTRY ELEMENTS (KOHA)
Koha item type Libro/Book

No items available.

Powered by Koha